Erfolgreichste Filme aller Zeiten - Statistiken

Allgemein
  • Dieses Quiz wurde 450 mal gespielt
  • Das Durchschnittsergebnis liegt bei 5 aus 30
Antwortstatistiken
Rang Einspielergebnis in Mio. US-Dollar Film % Korrekt
1 2.923,7 Avatar
80%
4 2.264,7 Titanic
77%
2 2.799,4 Avengers: Endgame
51%
6 2.052,4 Avengers: Infinity War
37%
14 1.445,6 Barbie
27%
3 2.320,3 Avatar: The Way of Water
21%
9 1.663,1 Der König der Löwen
21%
7 1.921,8 Spider-Man: No Way Home
20%
5 2.071,3 Star Wars - Das Erwachen der Macht
18%
8 1.671,5 Jurassic World
17%
25 1.215,6 Iron Man 3
15%
16 1.397 Frozen
13%
26 1.183 Der Herr der Ringe - Die Rückkehr des Königs
12%
18 1.349,9 Black Panther
11%
13 1.453,7 Frozen 2
10%
20 1.334,4 Star Wars - Die letzten Jedi
10%
11 1.515,3 Fast & Furious 7
9%
19 1.342,4 Harry Potter und die Heiligtümer des Todes Teil 2
8%
10 1.520,5 Marvel‘s The Avengers
8%
12 1.495,7 Top Gun: Maverick
8%
27 1.159,4 Minions
6%
30 1.142,5 Skyfall
6%
29 1.155 Captain America: Civil War
5%
22 1.266,1 Die Schöne und das Biest
5%
28 1.157 Aquaman
4%
21 1.310,5 Jurassic World: Das gefallene Königreich
3%
23 1.243,2 Incredibles 2
2%
15 1.405 The Avengers 2: Age of Ultron
2%
17 1.362 The Super Mario Bros. Movie
2%
24 1.236 Fast & Furious 8 - The Fate of the Furious
1%
Keine übereinstimmenden Quizze gefunden
Verteilung der Resultate
Anzahl Personen mit jedem Resultat
Perzentil nach korrekt beantworteten Fragen
Ihre Resultats-Entwicklung
Sie haben dieses Quiz noch nicht gespielt